Every European Nations Highest Rated FIFA 23 Player - Statistics

General Stats
  • This quiz has been taken 38 times
  • The average score is 19 of 50
Answer Stats
Hint Answer % Correct
England Harry Kane
93%
France Kylian Mbappe / Karim Benzema
93%
Croatia Luka Modric
93%
Belgium Kevin de Bruyne
86%
Poland Robert Lewandowski
86%
Norway Erling Haaland
82%
Austria David Alaba
79%
Netherlands Virgil van Dijk
79%
Italy Gianluigi Donnarumma
75%
Germany Joshua Kimmich
75%
Portugal Cristiano Ronaldo
71%
Wales Gareth Bale
68%
Scotland Andrew Robertson
64%
Bosnia and Herzegovina Edin Džeko
64%
Slovenia Jan Oblak
61%
Montenegro Stefan Savić
57%
Sweden Zlatan Ibrahimovic
57%
Switzerland Yann Sommer
54%
Armenia Henrikh Mkhitaryan
50%
Denmark Pierre-Emile Højbjerg
50%
Slovakia Milan Škriniar
43%
Czechia Patrik Schick
43%
Turkey Hakan Çalhanoğlu
39%
Serbia Sergej Milinkovic-Savic
39%
Russia Alexandr Golovin
36%
Hungary Péter Gulácsi
36%
Finland Lukáš Hrádecký
32%
Northern Ireland Jonny Evans
29%
Georgia Khvicha Kvaratskhelia
25%
Kosovo Amir Rrahmani
21%
North Macedonia Eljif Elmas
21%
Spain Aymeric Laporte
18%
Greece Odisseas Vlachodimos
14%
Ukraine Ruslan Malinovskyi
14%
Albania Armando Broja
11%
Ireland Matt Doherty
11%
Liechtenstein Marcel Buchel
4%
Romania Nicolae Stanciu
4%
Iceland Sverrir Ingi Ingason
4%
Malta Teddy Teuma
4%
Luxembourg Anthony Moris
0%
Moldova Artur Ioniță
0%
Lithuania Giedrius Arlauskis
0%
Andorra Iker Álvarez
0%
Belarus Jan Shcherbakovski
0%
Cyprus Konstantinos Laifis
0%
Azerbaijan Mahir Emreli
0%
Bulgaria Martin Minchev
0%
Estonia Mattias Käit
0%
Latvia Vladislavs Gutkovskis
0%
No matching quizzes found
Score Distribution
Percent of People with Each Score
Percentile by Number Answered
Your Score History
You have not taken this quiz